[Event "Benidorm op U2300 02nd"]
[Site "Benidorm"]
[Date "2002.??.??"]
[Round "2.8"]
[White "Tello Nunez, Alejandro"]
[Black "Kuzev, Jordan"]
[Result "1-0"]
[WhiteElo "2182"]
[BlackElo "2277"]
[PlyCount "97"]
[EventDate "2002.11.22"]
[EventType "swiss"]
[EventRounds "9"]
[EventCountry "ESP"]
[SourceTitle "CBM 091 Extra"]
[Source "ChessBase"]
[SourceDate "2003.01.09"]
[SourceVersion "1"]
[SourceVersionDate "2003.01.09"]
[SourceQuality "1"]

1. e4 c5 2. Nf3 Nc6 3. d4 cxd4 4. Nxd4 g6 5. Nc3 Bg7 6. Be3 Nf6 7. Bc4 0-0 8. Bb3 a5 9. a4 Ng4 10. Nxc6 Nxe3 11. Nxd8 Nxd1 12. Nd5 Rxd8 13. Rxd1 Kf8 14. Nb6 Rb8 15. c3 d6 16. Rd5 Be6 17. Rb5 Bxb3 18. Rxb3 e6 19. Rb5 d5 20. exd5 exd5 21. Nxd5 Re8+ 22. Kd1 Re4 23. Rxa5 Rd8 24. Rb5 Rxa4 25. Kc2 Re4 26. Rd1 Bh6 27. Ne3 Rxd1 28. Kxd1 Re7 29. Nd5 Rd7 30. Ke2 Bg7 31. Kd3 h5 32. b4 Be5 33. h3 Kg7 34. Ke4 Bb8 35. g4 hxg4 36. hxg4 Ba7 37. f3 Bf2 38. c4 f6 39. f4 Kf7 40. f5 gxf5+ 41. gxf5 Kg7 42. c5 Bg3 43. Rb6 Be5 44. b5 Rf7 45. c6 bxc6 46. bxc6 Kh6 47. Rb7 Rf8 48. Ne7 Ra8 49. c7 1-0

[Event "Valencia Once op 7th"]
[Site "Valencia"]
[Date "2001.10.07"]
[Round "3.3"]
[White "Tello Nunez, Alejandro"]
[Black "Pilgaard, Kim"]
[Result "0-1"]
[WhiteElo "2082"]
[BlackElo "2436"]
[PlyCount "46"]
[EventDate "2001.10.06"]
[EventType "swiss"]
[EventRounds "7"]
[EventCountry "ESP"]
[SourceTitle "CBM 085 Extra"]
[Source "ChessBase"]
[SourceDate "2002.01.21"]
[SourceVersion "1"]
[SourceVersionDate "2002.01.21"]
[SourceQuality "1"]

1. e4 e5 2. Nf3 Nc6 3. d4 exd4 4. Nxd4 Qf6 5. Nb3 Qg6 6. Nc3 Bb4 7. Bd2 Nf6 8. Qe2 0-0 9. f3 a5 10. a3 Bd6 11. Nb5 a4 12. Nc1 Bxh2 13. Nd3 Bg3+ 14. Nf2 d5 15. 0-0-0 dxe4 16. fxe4 Re8 17. Qf3 Ne5 18. Qc3 Bxf2 19. Nxc7 Bg4 20. Nxe8 Rxe8 21. Bb5 Nxe4 22. Qc7 Bb6 23. Qxb7 Rc8 0-1